Mathematical methods in economics-I (Record no. 9944)

MARC details
000 -LEADER
fixed length control field 00507cam a2200205ua 4500
008 - FIXED-LENGTH DATA ELEMENTS--GENERAL INFORMATION
fixed length control field 190805n ii |||gr||||Z||||||eng
020 ## - INTERNATIONAL STANDARD BOOK NUMBER
International Standard Book Number 9789327292312
040 ## - CATALOGING SOURCE
Transcribing agency MAIN
041 ## - LANGUAGE CODE
-- eng
082 ## - DEWEY DECIMAL CLASSIFICATION NUMBER
Classification number 330.015195
100 ## - MAIN ENTRY--PERSONAL NAME
Personal name Digambar Patri,
Relator term
245 ## - TITLE STATEMENT
Title Mathematical methods in economics-I
Statement of responsibility, etc. By Digambar Patri
260 ## - PUBLICATION, DISTRIBUTION, ETC.
Place of publication, distribution, etc. Ludhiana:
Name of publisher, distributor, etc. Kalyani,
Date of publication, distribution, etc. 2018.
300 ## - PHYSICAL DESCRIPTION
Extent 9.31p.
700 ## - ADDED ENTRY--PERSONAL NAME
Personal name DN Patri,
Relator term
942 ## - ADDED ENTRY ELEMENTS (KOHA)
Koha item type Books
653 ## - INDEX TERM--UNCONTROLLED
Uncontrolled term Economics
653 ## - INDEX TERM--UNCONTROLLED
Uncontrolled term Econometrics
Holdings
Withdrawn status Lost status Damaged status Not for loan Home library Current library Shelving location Date acquired Total Checkouts Full call number Barcode Date last seen Copy number Price effective from Koha item type Date last checked out
        Central Library, Naharkatiya College Central Library, Naharkatiya College General Stacks 19/09/2020   330.015195Econometrics | PAT 27962 19/09/2020 1 19/09/2020 Books  
        Central Library, Naharkatiya College Central Library, Naharkatiya College General Stacks 19/09/2020 7 330.015195Econometrics | PAT 27963 18/09/2024 2 19/09/2020 Books 24/06/2024

Naharkatiya College © 2020. All rights reserved.

Powered By